000 00464nam a2200145 a 4500
001 000026945
005 20200930030514.0
008 110328s1959 dr 000 0 spa d
040 _aDO-SdBNP
_bspa
_cBNPHU
100 1 _aHernández P., Estela Antonia
_954040
245 1 3 _aLa Quimera de Alahuaca y Trujillo en alas de mi pensamiento. /
_cEstela Antonia Hernández P.
260 _aSanto Domingo, :
_bDel caribe,
_c1959.
300 _a32 p. ;
_c22 cm.
049 _aBNPD
999 _c26437
_d26437